Speciální pedagogika časopis pro teorii a praxi speciální pedagogiky

Bibliographic Details
Previous Title:Teorie a praxe speciální pedagogiky
Format: Journal
Language:Czech
PhysicalDescription:zv. 21 cm
Published: Praha Univerzitay Karlova, Pedagogická fakulta 1990-
ISSN:1211-2720
0862-4569
Subjects:
Online Access:http://wwwpedf.cuni.cz/specialnipedagogika

MARC

LEADER 00000cas a2200000 a 4500
001 vtls008410892
003 SK-MaSNL
005 20260228161039.0
008 051122c19909999xr fr p 0 b0cze c
022 |a 1211-2720 
040 |a SVKPO  |b slo  |c SVKPO  |d SNK  |e AACR2 
041 0 |a cze  |b eng 
044 |a xr  |c CZ 
080 |a 376  |2 2001 
080 |a 050  |2 2001 
210 0 |a Spec. pedagog.  |b (Praha) 
222 0 |a Speciální pedagogika  |b (Praha) 
245 0 0 |a Speciální pedagogika  |b časopis pro teorii a praxi speciální pedagogiky 
260 |a Praha  |b Univerzitay Karlova, Pedagogická fakulta  |c 1990- 
300 |a zv.  |c 21 cm 
310 |a 2x ročne  |b 2020- 
321 |a 5x ročne  |b 1992-2001 
321 |a 4x ročne  |b 2002-2019 
362 0 |a Roč. 1, č. 1 (1990/1991)- 
500 |a V roku 2015 vyšlo mimoriadne číslo "Slovenské" 
515 |a Od roku 2020 vychádza ako dvojčíslo 
650 0 7 |a špeciálna pedagogika  |2 SNKPH  |9 958 
655 7 |a odborné časopisy  |2 SNKPH  |9 70505 
780 0 0 |t Teorie a praxe speciální pedagogiky  |x 0862-4569  |w vtls001380019 
850 |a Štátna vedecká knižnica v Prešove 
852 |a Štátna vedecká knižnica v Banskej Bystrici 
856 4 |u http://wwwpedf.cuni.cz/specialnipedagogika 
910 |a snk 
999 |c 4173  |d 6103 
952 |0 0  |1 1  |4 0  |7 0  |8 4  |a SNK  |b SNK  |d 2010-03-12  |i snk2010/5005  |l 0  |o snkČD 2075/17/2007  |p 17A0635473  |r 2026-02-21 19:31:47  |t č. 1-4  |w 2026-02-21  |y PREZ 
952 |0 0  |1 1  |4 0  |7 0  |8 4  |a SNK  |b SNK  |d 2010-03-12  |i snk2010/5007  |l 0  |o snkČD 2075/18/2008  |p 17A0635474  |r 2026-02-21 19:31:47  |t č. 1-4  |w 2026-02-21  |y PREZ 
952 |0 0  |1 0  |4 0  |7 0  |8 4  |a SNK  |b SNK  |d 2015-06-30  |i snk2015/20084  |l 0  |o snkČD 2075/23/2013  |p 17A1096508  |r 2026-02-21 19:34:38  |t č. 1-4  |w 2026-02-21  |y PREZ 
952 |0 0  |1 0  |4 0  |7 0  |8 3  |a SNK  |b SNK  |d 2024-05-06  |i snk2024/7237  |l 0  |o snkČD 2075/30/2020  |p 17A1522427  |r 2026-02-21 19:49:08  |t č. 1-4  |w 2026-02-21  |y PREZ 
952 |0 0  |1 0  |4 0  |7 0  |8 3  |a SNK  |b SNK  |d 2024-05-06  |i snk2024/7242  |l 0  |o snkČD 2075/31/2021  |p 17A1522428  |r 2026-02-21 19:49:08  |t č. 1-4  |w 2026-02-21  |y PREZ 
952 |0 0  |1 0  |4 0  |7 0  |8 4  |a SNK  |b SNK  |d 2022-04-12  |i snk2022/5426  |l 0  |o snkČD 2075/29/2019  |p 17A1462706  |r 2026-02-21 20:02:59  |t č. 1-3  |w 2026-02-21  |y PREZ 
952 |0 0  |1 1  |4 0  |7 0  |8 4  |a SNK  |b SNK  |d 2006-11-03  |i snk2006/22676  |l 0  |o snkČD 2075/12/2002  |p 17A0502901  |r 2026-02-21 20:05:13  |t č. 1-4  |w 2026-02-21  |y PREZ 
952 |0 0  |1 1  |4 0  |7 0  |8 0  |a SNK  |b SNK  |d 2006-11-03  |i snk2006/22677  |l 0  |o snkČD 2075/13/2003  |p 17A0502902  |r 2026-02-21 20:05:16  |t č. 2-4, neúplné  |w 2026-02-21  |y PREZ  |z Chýba č. 1 
952 |0 0  |1 0  |4 0  |7 0  |8 3  |a SNK  |b SNK  |d 2025-09-18  |i snk2025/14672  |l 0  |o snkČD 2075/32/2022  |p 17A1557687  |r 2026-02-21 20:10:31  |t č. 1-4  |w 2026-02-21  |y PREZ 
952 |0 0  |1 0  |4 0  |7 0  |8 3  |a SNK  |b SNK  |d 2025-11-13  |i snk2025/18249  |l 0  |o snkČD 2075/33/2023  |p 17A1558160  |r 2026-02-21 20:10:50  |t č. 1-4  |w 2026-02-21  |y PREZ 
952 |0 0  |1 1  |4 0  |7 0  |8 4  |a SNK  |b SNK  |d 2011-09-06  |i snk2011/18381  |l 0  |o snkČD 2075/19/2009  |p 17A0694341  |r 2026-02-21 20:16:57  |t č. 1-4  |w 2026-02-21  |y PREZ 
952 |0 0  |1 1  |4 0  |7 0  |a SNK  |b SNK  |d 1997-08-07  |i snkČIP 617/94  |l 0  |o snkČD 2075/3/1992-93  |p 17A0087798  |r 2005-01-02 00:00:00  |t č. 1-5  |w 2026-02-21  |y PREZ 
952 |0 0  |1 0  |4 0  |7 1  |8 4  |a SNK  |b SNK  |d 2014-11-10  |i snk2014/24454  |l 0  |o snkČD 2075/22/2012  |p 17A0870456  |r 2026-02-21 20:32:36  |t č. 1-4  |w 2026-02-21  |y NEVYP 
952 |0 0  |1 1  |4 0  |7 0  |8 4  |a SNK  |b SNK  |d 2008-03-27  |i snk2008/6997  |l 0  |o snkČD 2075/14/2004  |p 17A0574771  |r 2026-02-21 20:49:30  |t č. 1-4  |w 2026-02-21  |y PREZ 
952 |0 0  |1 1  |4 0  |7 0  |8 4  |a SNK  |b SNK  |d 2008-03-27  |i snk2008/6998  |l 0  |o snkČD 2075/15/2005  |p 17A0574772  |r 2026-02-21 20:49:30  |t č. 1-4  |w 2026-02-21  |y PREZ 
952 |0 0  |1 1  |4 0  |7 0  |8 4  |a SNK  |b SNK  |d 2008-03-27  |i snk2008/6999  |l 0  |o snkČD 2075/16/2006  |p 17A0574773  |r 2026-02-21 20:49:30  |t č. 1-4  |w 2026-02-21  |y PREZ 
952 |0 0  |1 1  |4 0  |7 0  |8 4  |a SNK  |b SNK  |d 2005-01-31  |i snkČZK 800/2003  |l 0  |o snkČD 2075/11/2001  |p 17A0454854  |r 2026-02-21 21:20:33  |t č. 1-5, neúplné  |w 2026-02-21  |y PREZ  |z Chýba č. 3 
952 |0 0  |1 1  |4 0  |7 0  |a SNK  |b SNK  |d 1998-03-27  |i snkČIP 619/94  |l 0  |o snkČD 2075/1/1990-91  |p 17A0131417  |r 2005-01-02 00:00:00  |t č. 1-4  |w 2026-02-21  |y PREZ 
952 |0 0  |1 0  |4 0  |7 1  |8 4  |a SNK  |b SNK  |d 2014-09-02  |i snk2014/17839  |l 0  |o snkČD 2075/21/2011  |p 17A0869947  |r 2026-02-21 21:44:39  |t č. 1-4  |w 2026-02-21  |y NEVYP 
952 |0 0  |1 0  |4 0  |7 0  |8 4  |a SNK  |b SNK  |d 2020-03-13  |i snk2020/6543  |l 0  |o snkČD 2075/27/2017  |p 17A1387247  |r 2026-02-21 21:53:02  |t č. 1-4  |w 2026-02-21  |y PREZ 
952 |0 0  |1 0  |4 0  |7 0  |8 4  |a SNK  |b SNK  |d 2018-10-25  |i snk2018/22172  |l 0  |o snkČD 2075/26/2016  |p 17A1339900  |r 2026-02-21 21:58:03  |t č. 1-4  |w 2026-02-21  |y PREZ 
952 |0 0  |1 0  |4 0  |7 0  |8 4  |a SNK  |b SNK  |d 2020-08-11  |i snk2020/14091  |l 0  |o snkČD 2075/28/2018  |p 17A1431018  |r 2026-02-21 22:08:53  |t č. 1-4  |w 2026-02-21  |y PREZ 
952 |0 0  |1 0  |4 0  |7 1  |8 4  |a SNK  |b SNK  |d 2016-06-09  |i snk2016/14997  |l 0  |o snkČD 2075/24/2014  |p 17A1095673  |r 2026-02-21 22:24:22  |t č. 1-4  |w 2026-02-21  |y NEVYP 
952 |0 0  |1 0  |4 0  |7 0  |8 4  |a SNK  |b SNK  |d 2017-07-06  |i snk2017/15653  |l 0  |o snkČD 2075/25/2015  |p 17A1206853  |r 2026-02-21 22:25:17  |t č. 1-4 + mim. č.  |w 2026-02-21  |y PREZ